The Strokes Lyrics - Someday - Statistics

General Stats
  • This quiz has been taken 212 times
  • The average score is 153 of 197
Answer Stats
Lyrics % Correct
I
98%
so
98%
So
98%
Someday,
98%
someday
98%
to
93%
the
92%
In
91%
in
91%
say,
91%
say
91%
Say,
91%
you
90%
You
90%
me
89%
be
88%
they
88%
my
87%
oh
87%
Oh,
87%
When
87%
No,
86%
no
86%
we
85%
man,
84%
Sometimes,
84%
sometimes
84%
sometimes"
84%
do
83%
have
83%
stay
83%
will
83%
good
82%
it
82%
try
82%
want
82%
best
81%
days
81%
many
81%
old
81%
was
81%
ways,
81%
miss
80%
but
78%
fun
78%
I'm
78%
time
78%
young,
78%
hurts
77%
your
76%
did
75%
not
75%
by
74%
side
74%
Always,
73%
always
73%
hard
73%
I'll
73%
more
73%
right
73%
lacking
72%
apart
71%
fall
71%
wanna
71%
wasting
71%
together
70%
won't
70%
Darling,
69%
depth
69%
head's
68%
says
68%
ain't
67%
stand
67%
stand;
67%
alright
66%
think
66%
Maya
65%
Yeah,
65%
working
64%
come
62%
Promises,
61%
they'll
61%
turn
61%
break
59%
made
59%
before
58%
Tables,
58%
they're
58%
And
57%
alone
56%
fears,
55%
friend,
55%
now
53%
threes
53%
things
51%
find
48%
strangest
48%
see
47%
S***,
34%
"Fate,
33%
(Trying,
18%
trying)
18%
No matching quizzes found
Score Distribution
Percent of People with Each Score
Percentile by Number Answered
Your Score History
You have not taken this quiz